000 00467nam a2200181Ia 4500
001 8459
005 20260306160611.0
008 260306t2012||||xx |||||||||||||| ||spa||
041 _aESP
082 _a371.1
_bA59
100 _aAndersson, Adriana
_eAUT
245 0 _aPlanificar para el jardín maternal:
_bmodalidades, dispositivos y formatos
260 _c2012
300 _a126 páginas :
_c24 cm.
650 _aGEN
654 _aCED
942 _cLIB
_dJUS
_fJUS
_2ddc
_n
999 _c8459
_d8459